000 00612cab a2200193 4500
001 ABS40955
008 090401t1989 xxu||||| |||| 00| 0 eng d
035 _a(Sirsi) u27155
041 _aeng
100 _aRowland, P.
245 _aDoing business in Europe: Spain
260 _c1989
350 _a0
490 _aAccountancy
_v104(1151) July 1989, 143-145(3)
520 _aGives background information on what you need to know if you are planning to set up business in Spain covering their administrative procedures and taxation .
690 _aEUROPE-SINGLE MARKET
942 _n0
948 _c04/03/1997
999 _c18287
_d18287